02714nam a2200241 a 450000100100000000500170001000800410002702000180006804000250008608200210011110000260013224500590015826000370021730000480025450000350030250000560033750000560039350400330044950518110048265000520229365000850234571000420243000001516820240409073638.0100202t2008 dr ach 001 0 spa d a9789993429456 aDO-SdBNPbspacBNPHU a384.54065bC697r1 aCollado, Lipe,d1947-10aRadio Caribe :ben la Era de Trujillo /cLipe Collado. aSanto Domingo :bCollado,c2008. a318 p. :bil., facsíms., retrs. ;c24 cm. aIncluye índice onomástico. aIncluye datos biográficos del autor en la solapa. aIncluye bibliografía y notas al pie de páginas. aBibliografía: p. 311 -312.0 tOrígenes y nacimiento de la radio. Transistorización. La radio es infinita. Repliegue y confirmación. Características. Orígenes --tInicio de las telecomunicaciones en la RD. Inicio y desarrollo de la radio --tUso de la radio por Trujillo. Radio HIX. La voz del Partido Dominicano. La voz del Yuna. La voz Dominicana --tLa tiranía de Trujillo en la cuerda floja: Expediciones armadas de exiliados en 1959. Conspiraciones, persecusiones, torturas y asesinatos. Reacción de la iglesia católica. Atentado al presidente de Venezuela, Rómulo Betancourt. La conferencia de cancilleres americanos --tEn la antesala del terror oral: transmisiones de prueba de Radio Caribe. Inauguración de Radio Caribe. Su vinculación con la conferencia de cancilleres americanos --tDe cómo surgió Radio Caribe. Ejecutivos y personal. --tLa cadena presagiosa. El foro público, Radio Caribe. La Voz Dominicana --tTensando las cuerdas de Radio caribe. Euclides Gutiérrez Félix en zona de peligro. Los objetivos de Radio Caribe. Balaguer en la cuerda floja --tProgramación de Radio Caribe. De lunes a domingo. Transmisión en seis idiomas. Cultura. Programación especial de Semana Santa --tPrisión, juicio y descargo de ejecutivo de Radio Caribe --tRadio Caribe en la carrera radioarmamentista internacional. Apólogo de Radio Caribe: Euclides Gutiérrez Félix --tSantiago Lamela Geler: estrella de Radio Caribe, la locución y la agitación. Su sección "II Nostro Osservatore, no romano, sino dominicano (un observatorio de Radio Caribe)" --tIncendio y destrucción de Radio Caribe. ¿Quienes la destruyeron?. ¿Quién dio la orden?. Simbología de la destrucción. Eclipse y desaparición --tLos comentarios de Radio Caribe --gBibliografía--tÍndice onomástico 4aRadioemisorasxHistoriazRepública Dominicana 4aPolítica y medios de comunicación de masasxHistoriaxRepública dominicana02aRadio Caribe (República Dominicana)